10 Biggest cities in Slovakia - Statistics

General Stats
  • This quiz has been taken 157 times
  • The average score is 7 of 10
Answer Stats
Population Cities % Correct
423 737 Bratislava
100%
236 563 Košice
89%
69 785 Trnava
68%
82 336 Banská Bystrica
66%
86 329 Nitra
66%
85 985 Žilina
66%
94 718 Prešov
64%
58 278 Trenčín
56%
57 431 Poprad
52%
60 817 Martin
47%
No matching quizzes found
Score Distribution
Percent of People with Each Score
Percentile by Number Answered
Your Score History
You have not taken this quiz